000 01123cam a22002651 4500
001 e 12000761
003 DLC
005 20260227111157.0
007 cr_|||||||||||
008 081229s1912 dcu 000 0 eng
010 _ae 12000761
040 _aDLC
_cDLC
_dDLC
050 0 0 _aLB2829
_b.U6 1912a
100 1 _aUpdegraff, Harlan,
_d1874-
245 1 0 _aExpenses of city school systems.
_bTables, quotations, and facts from advance sheets of " A study of expenses of city school systems,"
_cby Harlan Updegraff...with special application to the public school system of the District of Columbia, 1912.
260 _aWashington,
_c1912.
300 _a40 p.
_c24 cm.
490 0 _aU.S. 62d Cong., 2d sess. Senate.
_vDoc. no. 431
500 _aPresented by Mr. Gallinger, March 15, 1912.--Ordered to be printed.
530 _aAlso available in digital form on the Internet Archive Web site.
650 0 _aEducation
_zUnited States
_xFinance.
650 0 _aEducation
_zNew Columbia
_xFinance.
700 1 _aGallinger, Jacob H.
_q(Jacob Harold),
_d1837-1918.
856 4 1 _uhttp://hdl.loc.gov/loc.gdc/scd0001.00213248364
999 _c19337
_d19337